Statistics for All Playboi Carti Projects

Click here to take the quiz!

General Stats

  • This quiz has been taken 66 times
  • The average score is 8 of 13

Answer Stats

YearTypeStatusProject Name% Correct
2020Studio AlbumReleasedWhole Lotta Red
98%
2019Studio AlbumUnreleasedWhole Lotta Red (V1)
98%
2019-20Studio AlbumUnreleasedWhole Lotta Red (V2)
98%
2020Studio AlbumUnreleasedWhole Lotta Red (V3)
98%
2018Studio AlbumReleasedDie Lit
97%
2017MixtapeReleasedPlayboi Carti
93%
2024Studio AlbumUnreleasedMusic
85%
2021Studio AlbumUnreleasedNarcissist
57%
2016-17MixtapeUnreleased16*29
28%
2011MixtapeReleased / LostTHC: The High Chronicals
21%
2012MixtapeReleasedYoung Mi$fit
18%
2010MixtapeLostAviation Class
2%
2015SingleReleaseddeath in tune
2%

Score Distribution

Percentile by Number Answered

Percent of People with Each Score

Your Score History

You have not taken this quiz